000
00272nam a2200097Ia 4500
001
663055
005
20250826160205.0
008
250824s9999 xx 000 0 und d
245
0
_a
SEVGİ NEREDEYSE TANRI ORDADIR ANTİK YENİ
_c
TOLSTOY
260
_b
ANTİK DÜNYA KLASİKLERİ
999
_c
663055
_d
663055